<?xml version="1.0" encoding="UTF-8"?><?xml-stylesheet type="text/xsl" href="static/style.xsl"?><OAI-PMH xmlns="http://www.openarchives.org/OAI/2.0/" xmlns:xsi="http://www.w3.org/2001/XMLSchema-instance" xsi:schemaLocation="http://www.openarchives.org/OAI/2.0/ http://www.openarchives.org/OAI/2.0/OAI-PMH.xsd"><responseDate>2026-04-14T16:58:46Z</responseDate><request verb="GetRecord" identifier="oai:uvadoc.uva.es:10324/41004" metadataPrefix="marc">https://uvadoc.uva.es/oai/request</request><GetRecord><record><header><identifier>oai:uvadoc.uva.es:10324/41004</identifier><datestamp>2021-06-23T09:52:40Z</datestamp><setSpec>com_10324_1134</setSpec><setSpec>com_10324_931</setSpec><setSpec>com_10324_894</setSpec><setSpec>col_10324_1213</setSpec></header><metadata><record xmlns="http://www.loc.gov/MARC21/slim" xmlns:doc="http://www.lyncode.com/xoai" xmlns:xsi="http://www.w3.org/2001/XMLSchema-instance" xmlns:dcterms="http://purl.org/dc/terms/" xsi:schemaLocation="http://www.loc.gov/MARC21/slim http://www.loc.gov/standards/marcxml/schema/MARC21slim.xsd">
<leader>00925njm 22002777a 4500</leader>
<datafield tag="042" ind1=" " ind2=" ">
<subfield code="a">dc</subfield>
</datafield>
<datafield tag="720" ind1=" " ind2=" ">
<subfield code="a">Klingenberg, Olav</subfield>
<subfield code="e">author</subfield>
</datafield>
<datafield tag="720" ind1=" " ind2=" ">
<subfield code="a">Wiedlocha, Antoni</subfield>
<subfield code="e">author</subfield>
</datafield>
<datafield tag="720" ind1=" " ind2=" ">
<subfield code="a">Rapak, Andrzej</subfield>
<subfield code="e">author</subfield>
</datafield>
<datafield tag="720" ind1=" " ind2=" ">
<subfield code="a">Muñoz Martínez, Raquel</subfield>
<subfield code="e">author</subfield>
</datafield>
<datafield tag="720" ind1=" " ind2=" ">
<subfield code="a">Falnes, Pål</subfield>
<subfield code="e">author</subfield>
</datafield>
<datafield tag="720" ind1=" " ind2=" ">
<subfield code="a">Olsnes, Sjur</subfield>
<subfield code="e">author</subfield>
</datafield>
<datafield tag="260" ind1=" " ind2=" ">
<subfield code="c">1998</subfield>
</datafield>
<datafield tag="520" ind1=" " ind2=" ">
<subfield code="a">Acidic fibroblast growth factor (aFGF) is a potent mitogen. It acts through activation of specific cell surface receptors leading to intracellular tyrosine phosphorylation cascades, but several reports also indicate that aFGF enters cells and that it has an intracellular function as well. The aFGF(K132E) mutant binds to and activates fibroblast growth factor receptors equally strongly as the wild-type, but it is a poor mitogen. We demonstrate that aFGF(K132E) enters NIH 3T3 cells and is transported to the nuclear fraction like wild-type aFGF. A fusion protein of aFGF(K132E) and diphtheria toxin A-fragment (aFGF(K132E)-DT-A) and a similar fusion protein containing wild-type aFGF (aFGF-DT-A) were reconstituted with diphtheria toxin B-fragment. Both fusion proteins were translocated to the cytosol by the diphtheria toxin pathway and subsequently recovered from the nuclear fraction. Whereas translocation of aFGF-DT-A stimulated DNA synthesis in U2OSDR1 cells lacking functional fibroblast growth factor receptors, aFGF(K132E)-DT-A did not. The mutation disrupts a protein kinase C phosphorylation site in the growth factor making it unable to be phosphorylated. The data indicate that a defect in the intracellular action of aFGF(K132E) is the reason for its strongly reduced mitogenicity, possibly due to inability to be phosphorylated.</subfield>
</datafield>
<datafield tag="024" ind2=" " ind1="8">
<subfield code="a">Journal of Biological Chemistry, 1998, vol. 273, n. 18. p. 11164-11172</subfield>
</datafield>
<datafield tag="024" ind2=" " ind1="8">
<subfield code="a">0021-9258</subfield>
</datafield>
<datafield tag="024" ind2=" " ind1="8">
<subfield code="a">http://uvadoc.uva.es/handle/10324/41004</subfield>
</datafield>
<datafield tag="024" ind2=" " ind1="8">
<subfield code="a">10.1074/jbc.273.18.11164</subfield>
</datafield>
<datafield tag="245" ind1="0" ind2="0">
<subfield code="a">Inability of the acidic fibroblast growth factor mutant K132E to stimulate DNA synthesis after translocation into cells</subfield>
</datafield>
</record></metadata></record></GetRecord></OAI-PMH>